| 000 | 00695nam a22002417a 4500 | ||
|---|---|---|---|
| 003 | UA-OsUOA | ||
| 001 | 121853 | ||
| 007 | ta | ||
| 008 | 20170403b un ||||| |||| 00| 0 ukr d | ||
| 090 |
_a821.161.1 _bС13 |
||
| 942 | _cBK | ||
| 040 |
_aUA-OsUOA _brus _cUA-OsUOA _dUA-OsUOA |
||
| 245 |
_aСага о Сверрире _cотв. ред. О. А. Смирницкая |
||
| 300 | _a280 с. | ||
| 955 | _a3 | ||
| 041 | _arus | ||
| 080 | _a821.161.1 | ||
| 020 | _a5-02-012642-Х | ||
| 591 | _aДімаров А. | ||
| 260 |
_aМ. _bНаука _c1988 |
||
| 650 | 7 |
_a8 Мовознавство. Художня література. Літературознавство _2UDC |
|
| 999 |
_c408016 _d408016 |
||